000 00514nam a22001697a 4500
003 BD-ChCU
005 20251208133001.0
008 251208b bg ||||| |||| 00| 0 ben d
040 _cBD-ChCU
082 _a510 STM
100 _aStein , Sherman K.
_917706
245 _aMathematics :
_bthe man made universe an introduction to the spirit of mathematics ./
_cSherman K. Stein .
260 _aSan francisco :
_bFreeman ,
_cC 1963
300 _axiii , 316p
650 0 _aMathematics.
_917707
942 _2ddc
_cBK
_n0
999 _c110235
_d110235